[Event "GSF 75 aars jubilaeum Basis 2 2008"]
[Site "Bagsvaerd"]
[Date "2008.04.15"]
[Round "1"]
[White "Jonsson, John"]
[Black "Madsen, Alex"]
[Result "0-1"]
[WhiteElo "1217"]
[BlackElo "1151"]
[PlyCount "54"]
[EventDate "2008.??.??"]

1. c4 Nf6 2. Nc3 c6 3. d4 d5 4. e3 Bf5 5. h3 Nbd7 6. Nf3 e6 7. Bd3 Bb4 8. O-O
O-O 9. Ne2 Ne4 10. a3 Bd6 11. c5 Be7 12. Bxe4 Bxe4 13. Ng3 Bg6 14. Qe1 Nf6 15.
Ne5 Bf5 16. Nxf5 exf5 17. f3 Nh5 18. g3 Qc7 19. f4 f6 20. Nd3 g5 21. Kg2 Rae8
22. Bd2 Kh8 23. Qd1 Ng7 24. b4 a6 25. Rb1 Rg8 26. Kh2 Ne6 27. Qe1 Bd8 0-1

[Event "GSF 75 aars jubilaeum Basis 2 2008"]
[Site "Bagsvaerd"]
[Date "2008.04.15"]
[Round "1"]
[White "Kozielski, Miroslaw"]
[Black "Jacobsen, Jesper"]
[Result "1-0"]
[WhiteElo "1500"]
[BlackElo "1125"]
[PlyCount "99"]
[EventDate "2008.??.??"]

1. d4 g6 2. c4 Bg7 3. Nc3 d6 4. Nf3 Nd7 5. e3 c5 6. Bd3 Ngf6 7. O-O O-O 8. Re1
e5 9. d5 Qe7 10. e4 Nh5 11. Be3 Nf4 12. Bxf4 exf4 13. Qd2 g5 14. h3 Ne5 15.
Nxe5 Bxe5 16. f3 Bd7 17. Rac1 a6 18. b3 Bd4+ 19. Kh2 Be3 20. Rxe3 fxe3 21. Qxe3
Qe5+ 22. g3 f5 23. Qxg5+ Kh8 24. f4 Qd4 25. Bf1 Qd2+ 26. Ne2 Rae8 27. Qh6 fxe4
28. Qxd6 Bf5 29. Qxc5 e3 30. Qd4+ Kg8 31. Qxd2 exd2 32. Rd1 Re3 33. Rxd2 Bd3
34. Kg2 Rfe8 35. Kf2 Bf5 36. Nd4 Bd7 37. f5 Kf7 38. Ne6 Rc3 39. g4 Kf6 40. Re2
b5 41. g5+ Kf7 42. c5 Bxe6 43. dxe6+ Kf8 44. b4 Rc8 45. Bg2 Rc7 46. f6 Rc4 47.
Rd2 Rc8 48. e7+ Ke8 49. Bc6+ Rxc6 50. Rd8+ 1-0

[Event "GSF 75 aars jubilaeum Basis 2 2008"]
[Site "Bagsvaerd"]
[Date "2008.04.15"]
[Round "1"]
[White "Rasmussen, Johnny S"]
[Black "Zmylon, Frederik Nielsen"]
[Result "0-1"]
[WhiteElo "1121"]
[BlackElo "1284"]
[PlyCount "48"]
[EventDate "2008.??.??"]

1. e4 c5 2. Nc3 Nc6 3. Bb5 d6 4. Bxc6+ bxc6 5. d4 cxd4 6. Qxd4 Qb6 7. Qxb6 axb6
8. Be3 b5 9. O-O-O Nf6 10. a3 Bd7 11. Bd4 c5 12. Bxf6 gxf6 13. Nd5 Ra7 14. h3
e6 15. Nxf6+ Ke7 16. Nxd7 Kxd7 17. e5 d5 18. Ne2 c4 19. Nd4 b4 20. Kb1 bxa3 21.
bxa3 Bxa3 22. Nb5 Rb8 23. Ka2 Rxb5 24. Rb1 Bc5# 0-1

[Event "GSF 75 aars jubilaeum Basis 2 2008"]
[Site "Bagsvaerd"]
[Date "2008.04.15"]
[Round "1"]
[White "Hein, Jacob"]
[Black "Christiansen, Peter"]
[Result "1-0"]
[WhiteElo "1084"]
[BlackElo "1450"]
[PlyCount "61"]
[EventDate "2008.??.??"]

1. e4 g6 2. d4 Bg7 3. Nf3 d6 4. Bc4 e6 5. Bg5 Ne7 6. Qd2 h6 7. Be3 a6 8. a4 Nd7
9. Nc3 b6 10. O-O Bb7 11. Rae1 Nf6 12. Bd3 Ng4 13. Bf4 c5 14. d5 e5 15. Bg3 g5
16. Qe2 Bc8 17. h3 Nf6 18. Bxe5 dxe5 19. Nxe5 O-O 20. f4 Nd7 21. Ng4 Nf6 22.
Nxf6+ Bxf6 23. fxg5 Bxg5 24. e5 f5 25. exf6 Nxd5 26. Qe4 Rxf6 27. Rxf6 Qxf6 28.
Qxd5+ Kf8 29. Rf1 Be3+ 30. Kh1 Qxf1+ 31. Bxf1 1-0

[Event "GSF 75 aars jubilaeum Basis 2 2008"]
[Site "Bagsvaerd"]
[Date "2008.04.22"]
[Round "2"]
[White "Madsen, Alex"]
[Black "Golmohammady, Reza"]
[Result "0-1"]
[WhiteElo "1151"]
[BlackElo "1405"]
[PlyCount "84"]
[EventDate "2008.??.??"]

1. d4 d5 2. c4 e6 3. Nf3 Be7 4. Nc3 Nf6 5. e3 O-O 6. Bd3 c5 7. O-O Nc6 8. a3 a6
9. Bd2 dxc4 10. Bxc4 b5 11. Be2 cxd4 12. exd4 Qc7 13. g3 Bb7 14. Bf4 Bd6 15.
Bxd6 Qxd6 16. Re1 Rad8 17. Bf1 Qc7 18. Ne2 e5 19. Rc1 Qb6 20. Qb3 exd4 21. Red1
d3 22. Rxd3 Rxd3 23. Qxd3 Ng4 24. Ned4 Nxd4 25. Qxd4 Qh6 26. Re1 Bxf3 27. h4
Qc6 28. Bh3 h5 29. Bxg4 Bxg4 30. Kh2 Re8 31. Rxe8+ Qxe8 32. Qe3 Qc6 33. Qd2 Bh3
34. f3 Be6 35. f4 Qf3 36. Qg2 Qd1 37. Qa8+ Kh7 38. Qe4+ g6 39. Qh1 Qd3 40. Qg2
Bd5 41. Qf2 Qe4 42. Kg1 Qh1# 0-1

[Event "GSF 75 aars jubilaeum Basis 2 2008"]
[Site "Bagsvaerd"]
[Date "2008.04.22"]
[Round "2"]
[White "Hein, Jacob"]
[Black "Kozielski, Miroslaw"]
[Result "1/2-1/2"]
[WhiteElo "1084"]
[BlackElo "1500"]
[PlyCount "46"]
[EventDate "2008.??.??"]

1. d4 f5 2. c4 Nf6 3. Nc3 e6 4. a3 d5 5. e3 c6 6. Nf3 Bd6 7. c5 Bc7 8. b4 Nbd7
9. Bb2 O-O 10. Ng5 Qe8 11. Rc1 h6 12. Nf3 Ne4 13. Bd3 a6 14. Nd2 Ndf6 15. f3
Ng5 16. O-O Qh5 17. f4 Ng4 18. h3 Nxh3+ 19. gxh3 Qxh3 20. Rf3 Qh2+ 21. Kf1 Qh1+
22. Ke2 Qg2+ 23. Ke1 Nxe3 1/2-1/2

[Event "GSF 75 aars jubilaeum Basis 2 2008"]
[Site "Bagsvaerd"]
[Date "2008.04.22"]
[Round "2"]
[White "Zmylon, Frederik Nielsen"]
[Black "Kristensen, Kurt E"]
[Result "1-0"]
[WhiteElo "1284"]
[BlackElo "1212"]
[PlyCount "49"]
[EventDate "2008.??.??"]

1. e4 e5 2. Bc4 Nc6 3. Nf3 h6 4. d4 d6 5. dxe5 Nxe5 6. Nxe5 dxe5 7. Bxf7+ Kxf7
8. Qxd8 Ne7 9. Qxc7 b6 10. Qxe5 Be6 11. Qf4+ Ke8 12. Qf3 Bc4 13. e5 Rd8 14. Nc3
a6 15. b3 Be6 16. O-O Ng6 17. Qc6+ Kf7 18. Qxb6 Be7 19. f4 Rhf8 20. f5 Bxf5 21.
Rxf5+ Kg8 22. Qxg6 Bc5+ 23. Kh1 Bd4 24. Bxh6 Bxe5 25. Rxe5 1-0

[Event "GSF 75 aars jubilaeum Basis 2 2008"]
[Site "Bagsvaerd"]
[Date "2008.04.22"]
[Round "2"]
[White "Jacobsen, Jesper"]
[Black "Jonsson, John"]
[Result "1-0"]
[WhiteElo "1125"]
[BlackElo "1217"]
[PlyCount "57"]
[EventDate "2008.??.??"]

1. d4 Nf6 2. c4 e6 3. g3 d5 4. cxd5 exd5 5. Bg2 c6 6. Nf3 h6 7. a3 Be6 8. Nc3
Bd6 9. Qb3 Qc7 10. Qc2 Nbd7 11. b4 O-O 12. O-O Rfe8 13. Nh4 Nf8 14. f4 Bd7 15.
Nf3 g6 16. Ne5 Kg7 17. Nxd7 Qxd7 18. Qd3 a6 19. Na4 Qc7 20. Bd2 Ne4 21. Bxe4
dxe4 22. Qe3 f5 23. Bc3 Kh7 24. Rfd1 b6 25. d5 c5 26. bxc5 Bxc5 27. Nxc5 bxc5
28. Be5 Qa7 29. Rab1 1-0

[Event "GSF 75 aars jubilaeum Basis 2 2008"]
[Site "Bagsvaerd"]
[Date "2008.04.29"]
[Round "3"]
[White "Golmohammady, Reza"]
[Black "Zmylon, Frederik Nielsen"]
[Result "0-1"]
[WhiteElo "1405"]
[BlackElo "1284"]
[PlyCount "112"]
[EventDate "2008.??.??"]

1. e4 c5 2. Nc3 Nc6 3. Nf3 d6 4. Be2 Nf6 5. d3 Bg4 6. h3 Bh5 7. O-O e6 8. Bg5
Be7 9. b3 h6 10. Be3 O-O 11. Nh2 Bxe2 12. Nxe2 d5 13. exd5 Nxd5 14. c3 Nxe3 15.
fxe3 Qd7 16. Qc2 Bg5 17. e4 Rfd8 18. Rad1 Rac8 19. Nf3 Be3+ 20. Kh1 b5 21. Neg1
b4 22. c4 Bxg1 23. Kxg1 Nd4 24. Qf2 Nxf3+ 25. Qxf3 Qd4+ 26. Kh1 Rc7 27. Rf2
Rcd7 28. e5 Qxe5 29. Rdf1 f6 30. Rd2 Qc3 31. Rfd1 e5 32. Qf2 Qd4 33. Qf5 Rd6
34. Re2 Qf4 35. Qxf4 exf4 36. Re7 R6d7 37. Rxd7 Rxd7 38. Rd2 Kf7 39. Kg1 Ke6
40. Kf2 g5 41. Kf3 Kf5 42. g4+ fxg3 43. Kxg3 h5 44. Rf2+ Kg6 45. Rd2 h4+ 46.
Kg2 f5 47. d4 Rxd4 48. Re2 Kf6 49. Rf2 f4 50. Kf3 Kf5 51. Kg2 Rd3 52. Kh2 Ke4
53. Rc2 Ke3 54. Kg2 Rd2+ 55. Rxd2 Kxd2 56. Kf3 Kd3 0-1

[Event "GSF 75 aars jubilaeum Basis 2 2008"]
[Site "Bagsvaerd"]
[Date "2008.04.29"]
[Round "3"]
[White "Kristensen, Kurt E"]
[Black "Christiansen, Peter"]
[Result "0-1"]
[WhiteElo "1212"]
[BlackElo "1450"]
[PlyCount "81"]
[EventDate "2008.??.??"]

1. e4 c5 2. Nf3 d6 3. d4 cxd4 4. Qxd4 Nc6 5. Qd1 Nf6 6. Nc3 g6 7. g3 Bg7 8. Bg2
O-O 9. Bf4 Bd7 10. O-O a6 11. Re1 b5 12. a3 Rc8 13. e5 dxe5 14. Nxe5 Nxe5 15.
Bxe5 Bc6 16. Rb1 e6 17. Qd6 Qxd6 18. Bxd6 Rfd8 19. Bf4 Bxg2 20. Kxg2 Nd7 21.
Bg5 Re8 22. Re3 f6 23. Bf4 e5 24. Rbe1 Red8 25. Nd5 Rxc2 26. b4 Kf8 27. Rc3
Rxc3 28. Nxc3 exf4 29. gxf4 f5 30. Nd5 Nb8 31. Nc7 Rc8 32. Ne6+ Kg8 33. Ng5 Bh6
34. h4 Bxg5 35. fxg5 Kf7 36. Re3 Rc4 37. Kh3 Nc6 38. f3 Nd4 39. Kg3 Ne6 40. Rd3
Ke7 41. Kf2 0-1

[Event "GSF 75 aars jubilaeum Basis 2 2008"]
[Site "Bagsvaerd"]
[Date "2008.04.29"]
[Round "3"]
[White "Madsen, Alex"]
[Black "Kozielski, Miroslaw"]
[Result "0-1"]
[WhiteElo "1151"]
[BlackElo "1500"]
[PlyCount "52"]
[EventDate "2008.??.??"]

1. d4 f5 2. c4 Nf6 3. Nc3 e6 4. Nf3 c6 5. a3 d5 6. Bf4 Bd6 7. Bxd6 Qxd6 8. Ne5
Nbd7 9. c5 Qc7 10. f4 O-O 11. e3 Nxe5 12. dxe5 Ne4 13. Nxe4 dxe4 14. Bc4 b5 15.
Ba2 Rd8 16. Qc2 Rd3 17. Qf2 Qe7 18. b4 Rxa3 19. Bxe6+ Bxe6 20. Rxa3 Bc4 21. Qb2
Rd8 22. Kf2 Qh4+ 23. g3 Qg4 24. Rha1 Qf3+ 25. Kg1 Rd1+ 26. Rxd1 Qxd1+ 0-1

[Event "GSF 75 aars jubilaeum Basis 2 2008"]
[Site "Bagsvaerd"]
[Date "2008.04.29"]
[Round "3"]
[White "Jacobsen, Jesper"]
[Black "Hein, Jacob"]
[Result "0-1"]
[WhiteElo "1125"]
[BlackElo "1084"]
[PlyCount "78"]
[EventDate "2008.??.??"]

1. e4 e6 2. d4 c5 3. Nf3 d5 4. Bb5+ Bd7 5. Bxd7+ Qxd7 6. exd5 exd5 7. Qe2+ Qe6
8. Qxe6+ fxe6 9. O-O h6 10. Re1 Nd7 11. Rxe6+ Be7 12. Bf4 O-O-O 13. Nc3 Nf8 14.
Ree1 g5 15. Be5 Rh7 16. Nb5 a6 17. Nc3 Ne6 18. Rad1 g4 19. Nd2 cxd4 20. Na4 b5
21. Bf6 Rd6 22. Nc5 Nxc5 23. Bxe7 Rxe7 24. Rxe7 Nxe7 25. Nb3 Nxb3 26. cxb3 Nc6
27. f3 gxf3 28. gxf3 h5 29. Kf2 h4 30. f4 Rf6 31. Kf3 Ne5+ 32. Kg2 Rxf4 33.
Rc1+ Kd7 34. Rd1 Ng4 35. Rd2 Ne3+ 36. Kh3 Ke6 37. Re2 Kf5 38. b4 Kg5 39. b3
Rf3# 0-1

[Event "GSF 75 aars jubilaeum Basis 2 2008"]
[Site "Bagsvaerd"]
[Date "2008.05.06"]
[Round "4"]
[White "Golmohammady, Reza"]
[Black "Hein, Jacob"]
[Result "1-0"]
[WhiteElo "1405"]
[BlackElo "1084"]
[PlyCount "67"]
[EventDate "2008.??.??"]

1. e4 e5 2. Nf3 Nc6 3. c3 Nf6 4. d3 h6 5. Be2 b6 6. b4 Bb7 7. b5 Ne7 8. Nxe5 d6
9. Ng4 Ng6 10. Nxf6+ Qxf6 11. O-O O-O-O 12. Be3 d5 13. exd5 Rxd5 14. Bf3 Bd6
15. Bxd5 Bxh2+ 16. Kxh2 Qe5+ 17. Kg1 Bxd5 18. Qg4+ Kb8 19. d4 Qe7 20. Nd2 Nh4
21. Nf3 Nxf3+ 22. gxf3 Qf6 23. Qf4 Qg5+ 24. Qg3 Qf5 25. Bf4 Rc8 26. Rfe1 f6 27.
Re7 g5 28. Bxc7+ Ka8 29. Qg4 Qxg4+ 30. fxg4 h5 31. gxh5 Rh8 32. Rae1 Rxh5 33.
Bh2 Rh4 34. Re8+ 1-0

[Event "GSF 75 aars jubilaeum Basis 2 2008"]
[Site "Bagsvaerd"]
[Date "2008.05.13"]
[Round "4"]
[White "Kozielski, Miroslaw"]
[Black "Zmylon, Frederik Nielsen"]
[Result "1-0"]
[WhiteElo "1500"]
[BlackElo "1284"]
[PlyCount "83"]
[EventDate "2008.??.??"]

1. d4 g6 2. c4 Nf6 3. Nc3 d5 4. cxd5 Nxd5 5. e4 Nxc3 6. bxc3 Bg7 7. Bc4 O-O 8.
Ne2 Nc6 9. Be3 Bd7 10. O-O a6 11. a4 e6 12. f3 Rb8 13. a5 Na7 14. d5 Nb5 15.
Bd4 Nxd4 16. cxd4 exd5 17. exd5 Re8 18. Nc3 c5 19. dxc6 Bxc6 20. Ne2 Rxe2 21.
Qxe2 Bxd4+ 22. Kh1 Bxa1 23. Rxa1 Qe8 24. Qa2 Qe7 25. h3 Bd7 26. Rb1 Be6 27.
Bxe6 Qxe6 28. Qxe6 fxe6 29. Rb6 Kf7 30. Kh2 Kf6 31. g4 Ke5 32. Kg3 Kd5 33. f4
h6 34. h4 h5 35. g5 Rc8 36. Rxb7 Rc3+ 37. Kf2 Ra3 38. Rg7 Rxa5 39. Rxg6 Ke4 40.
Rxe6+ Kxf4 41. g6 Kf5 42. g7 1-0

[Event "GSF 75 aars jubilaeum Basis 2 2008"]
[Site "Bagsvaerd"]
[Date "2008.05.13"]
[Round "4"]
[White "Christiansen, Peter"]
[Black "Madsen, Alex"]
[Result "0-1"]
[WhiteElo "1450"]
[BlackElo "1151"]
[PlyCount "78"]
[EventDate "2008.??.??"]

1. e4 c6 2. Nf3 e5 3. Nxe5 Nf6 4. Nc3 Bb4 5. d3 O-O 6. Bd2 Re8 7. f4 d5 8. exd5
Bxc3 9. bxc3 Qxd5 10. Kf2 Nbd7 11. Nf3 Ng4+ 12. Kg1 Qe6 13. Qe1 Ndf6 14. h3 Qd6
15. Qh4 Ne3 16. Bxe3 Rxe3 17. Ne5 Qc5 18. Qf2 Qxc3 19. Rc1 Nd5 20. Nc4 Re6 21.
g3 b5 22. Nd2 Bd7 23. Ne4 Qa3 24. Qd2 Rg6 25. c3 Re8 26. Kh2 Bf5 27. Bg2 Nf6
28. Rhe1 Bxe4 29. dxe4 Qc5 30. g4 h5 31. g5 Nh7 32. e5 Qb6 33. Qe2 Rge6 34.
Qxh5 f6 35. Be4 Qf2+ 36. Kh1 Qxf4 37. Qxh7+ Kf8 38. Qh8+ Kf7 39. Bg6+ Kxg6 0-1

[Event "GSF 75 aars jubilaeum Basis 2 2008"]
[Site "Bagsvaerd"]
[Date "2008.05.20"]
[Round "5"]
[White "Golmohammady, Reza"]
[Black "Kozielski, Miroslaw"]
[Result "0-1"]
[WhiteElo "1405"]
[BlackElo "1500"]
[PlyCount "62"]
[EventDate "2008.??.??"]

1. e4 c6 2. d4 d5 3. e5 Bf5 4. Nf3 e6 5. Be2 c5 6. c3 Nc6 7. O-O Qb6 8. b3 Bg4
9. Be3 cxd4 10. cxd4 Nge7 11. a4 Bxf3 12. Bxf3 Nf5 13. Be2 a6 14. Nd2 Nfxd4 15.
Nf3 Nxf3+ 16. Bxf3 Qc7 17. Bf4 Nxe5 18. Kh1 Bd6 19. Rc1 Qd7 20. Bxe5 Bxe5 21.
Re1 Bf6 22. Bxd5 O-O 23. Be4 Qxd1 24. Rexd1 Rab8 25. Rd7 b6 26. g3 a5 27. Rcc7
Be5 28. Ra7 Rfd8 29. Rxf7 Rd4 30. Bc6 Rc8 31. Bd7 Rc1+ 0-1

[Event "GSF 75 aars jubilaeum Basis 2 2008"]
[Site "Bagsvaerd"]
[Date "2008.05.20"]
[Round "5"]
[White "Kristensen, Kurt E"]
[Black "Jacobsen, Jesper"]
[Result "1/2-1/2"]
[WhiteElo "1212"]
[BlackElo "1125"]
[PlyCount "105"]
[EventDate "2008.??.??"]

1. d4 e6 2. e4 b6 3. Nc3 Bb7 4. b3 Be7 5. Nf3 c5 6. d5 Nf6 7. d6 Bf8 8. e5 Nd5
9. Bc4 Nxc3 10. Qd3 Nd5 11. O-O h6 12. a3 Qc8 13. c3 Ba6 14. b4 Bxc4 15. Qxc4
g6 16. Nd4 Bg7 17. Re1 O-O 18. Nb5 Na6 19. Bd2 cxb4 20. Qxc8 Rfxc8 21. axb4 Nb8
22. Nxa7 Rc4 23. f4 Nxf4 24. Nb5 Rxa1 25. Rxa1 Nc6 26. Rf1 Bxe5 27. g3 Ne2+ 28.
Kf2 Nxc3 29. Nxc3 Bxc3 30. Rc1 Bd4+ 31. Kg2 Rxb4 32. Kh3 Kh7 33. Bf4 f6 34.
Rxc6 e5 35. Bc1 Rb5 36. Rc7 Rd5 37. Rxd7+ Kg8 38. Ba3 Bc5 39. Bxc5 bxc5 40. Rc7
Rxd6 41. Rxc5 Rd4 42. Kg2 Rd6 43. h4 Rd4 44. Kf3 Kf8 45. Ra5 Rb4 46. Ra3 Rb7
47. g4 Rb6 48. Ra1 Kf7 49. h5 Rb3+ 50. Kg2 gxh5 51. gxh5 Rb8 52. Kg3 Rh8 53.
Kg4 1/2-1/2

[Event "GSF 75 aars jubilaeum Basis 2 2008"]
[Site "Bagsvaerd"]
[Date "2008.05.20"]
[Round "5"]
[White "Madsen, Alex"]
[Black "Rasmussen, Johnny S"]
[Result "1-0"]
[WhiteElo "1151"]
[BlackElo "1121"]
[PlyCount "47"]
[EventDate "2008.??.??"]

1. Nf3 d5 2. c4 h6 3. e3 Bg4 4. Nc3 dxc4 5. Bxc4 e6 6. Qa4+ c6 7. Ne5 b5 8.
Bxb5 cxb5 9. Qxb5+ Nd7 10. Nxg4 Rb8 11. Qa4 Rb4 12. Qd1 Ngf6 13. d4 Nxg4 14.
Qxg4 e5 15. O-O Nf6 16. Qe2 exd4 17. exd4+ Qe7 18. Qd2 Qd6 19. Qe2+ Qe7 20. Be3
Rb6 21. d5 Rd6 22. Rfe1 Nd7 23. Qb5 Kd8 24. Qa5+ 1-0

[Event "GSF 75 aars jubilaeum Basis 2 2008"]
[Site "Bagsvaerd"]
[Date "2008.05.20"]
[Round "5"]
[White "Zmylon, Frederik Nielsen"]
[Black "Hein, Jacob"]
[Result "0-1"]
[WhiteElo "1284"]
[BlackElo "1084"]
[PlyCount "152"]
[EventDate "2008.??.??"]

1. e4 e6 2. d4 d5 3. e5 c5 4. c3 a6 5. a4 cxd4 6. cxd4 Nc6 7. Nf3 Bb4+ 8. Bd2
Qa5 9. Bxb4 Qxb4+ 10. Qd2 Nge7 11. Be2 Qxd2+ 12. Nbxd2 O-O 13. O-O Nf5 14. Nb3
b6 15. Rfc1 Nb4 16. Rc7 a5 17. Rac1 Ba6 18. Bxa6 Nxa6 19. Rb7 Rfb8 20. Rxb8+
Rxb8 21. Kf1 h5 22. Ng5 Re8 23. Rc6 Rb8 24. g3 Nb4 25. Rc3 Na6 26. h3 Kf8 27.
Rc6 Ne7 28. Rc3 Nf5 29. g4 hxg4 30. hxg4 Ne7 31. Rf3 Ke8 32. Rxf7 Nc6 33. Rxg7
Nd8 34. Ra7 Nb4 35. Nh7 Rb7 36. Nf6+ Kf7 37. Rxb7+ Nxb7 38. Nd7 Nd3 39. Nxb6
Nxb2 40. f4 Nc4 41. Nd7 Ne3+ 42. Ke2 Nxg4 43. Ndc5 Nxc5 44. dxc5 Ke7 45. Nxa5
Kd7 46. c6+ Kc7 47. Kd3 Kb6 48. Kd4 Nh6 49. Kc3 Nf5 50. Kb4 Ne7 51. Kb3 Ng6 52.
f5 exf5 53. e6 f4 54. Kc3 Ne7 55. Kd3 Kxa5 56. Ke2 Nxc6 57. Kf3 Nd4+ 58. Kxf4
Nxe6+ 59. Ke5 Nc7 60. Kd4 Kxa4 61. Kc5 Kb3 62. Kd4 Kb4 63. Kd3 Kc5 64. Kc3 Nb5+
65. Kd3 d4 66. Kd2 Kc4 67. Kc2 d3+ 68. Kd2 Kd4 69. Kd1 Ke3 70. Ke1 Nc3 71. Kf1
d2 72. Kg2 d1=Q 73. Kg3 Qd4 74. Kg2 Qg4+ 75. Kf1 Nd1 76. Ke1 Qg1# 0-1

[Event "GSF 75 aars jubilaeum Basis 2 2008"]
[Site "Bagsvaerd"]
[Date "2008.05.27"]
[Round "6"]
[White "Kristensen, Kurt E"]
[Black "Rasmussen, Johnny S"]
[Result "1-0"]
[WhiteElo "1212"]
[BlackElo "1121"]
[PlyCount "57"]
[EventDate "2008.??.??"]

1. d4 d5 2. Nc3 e6 3. Nf3 Bb4 4. Bd2 Nf6 5. Ne5 Nbd7 6. Nxd7 Bxd7 7. g3 Bxc3 8.
Bxc3 Ne4 9. Qd3 Qf6 10. f3 Nxc3 11. Qxc3 Bc6 12. Bg2 O-O 13. O-O a6 14. e4 Qg6
15. e5 Bb5 16. Rfe1 c6 17. a4 Rfc8 18. Rec1 Be2 19. Re1 c5 20. Rxe2 cxd4 21.
Qxd4 Rxc2 22. Rxc2 Qxc2 23. Qb6 d4 24. Qxd4 Rc8 25. Rd1 h6 26. f4 b5 27. axb5
axb5 28. Be4 Qe2 29. Qd8+ 1-0

[Event "GSF 75 aars jubilaeum Basis 2 2008"]
[Site "Bagsvaerd"]
[Date "2008.05.27"]
[Round "6"]
[White "Hein, Jacob"]
[Black "Madsen, Alex"]
[Result "1-0"]
[WhiteElo "1084"]
[BlackElo "1151"]
[PlyCount "43"]
[EventDate "2008.??.??"]

1. e4 c5 2. Nf3 Nc6 3. Bc4 e6 4. d3 Qc7 5. Nc3 Nf6 6. Bd2 a6 7. Qe2 d6 8. Nd5
Nxd5 9. exd5 Nd4 10. Nxd4 cxd4 11. dxe6 fxe6 12. O-O Bd7 13. Bxe6 O-O-O 14.
Bxd7+ Qxd7 15. Qe4 Be7 16. Qxd4 Bf6 17. Qa7 Qc6 18. Ba5 Rde8 19. Rfe1 Bd8 20.
Bxd8 Rxd8 21. Re7 d5 22. Qa8# 1-0

[Event "GSF 75 aars jubilaeum Basis 2 2008"]
[Site "Bagsvaerd"]
[Date "2008.05.27"]
[Round "6"]
[White "Jacobsen, Jesper"]
[Black "Zmylon, Frederik Nielsen"]
[Result "1-0"]
[WhiteElo "1125"]
[BlackElo "1284"]
[PlyCount "69"]
[EventDate "2008.??.??"]

1. e4 c5 2. Nc3 Nc6 3. Nf3 d6 4. d4 cxd4 5. Nxd4 Nf6 6. f3 e5 7. Nxc6 bxc6 8.
Bd3 Qb6 9. Qe2 Be7 10. Qf2 Ba6 11. Qxb6 axb6 12. Bxa6 Rxa6 13. O-O O-O 14. f4
Rfa8 15. fxe5 dxe5 16. a3 Bc5+ 17. Kh1 Bd4 18. Rf3 Ng4 19. h3 Nf2+ 20. Kh2 Bxc3
21. Rxc3 Nxe4 22. Rxc6 b5 23. Rxa6 Rxa6 24. Be3 b4 25. Rd1 Rd6 26. Rxd6 Nxd6
27. axb4 Nc4 28. Bc1 Kf8 29. b3 Nb6 30. Be3 Nd5 31. Bc5+ Ke8 32. c4 Nc7 33. Bd6
e4 34. Bxc7 e3 35. Bg3 1-0

[Event "GSF 75 aars jubilaeum Basis 2 2008"]
[Site "Bagsvaerd"]
[Date "2008.05.27"]
[Round "6"]
[White "Christiansen, Peter"]
[Black "Kozielski, Miroslaw"]
[Result "1-0"]
[WhiteElo "1450"]
[BlackElo "1500"]
[PlyCount "77"]
[EventDate "2008.??.??"]

1. e4 c6 2. Nf3 d5 3. exd5 cxd5 4. Ne5 Nc6 5. Bb5 Qb6 6. Na3 Nf6 7. d4 Bf5 8.
c3 e6 9. O-O Bxa3 10. Bxc6+ bxc6 11. bxa3 O-O 12. g4 Bg6 13. g5 Ne4 14. Nd7 Qa5
15. Nxf8 Rxf8 16. f3 Qxc3 17. Bf4 e5 18. Rc1 Qxa3 19. Bxe5 Qe3+ 20. Kg2 Nxg5
21. Re1 Qa3 22. Qb3 Qa6 23. Bd6 Ra8 24. Qa3 Qc8 25. Re3 Qh3+ 26. Kg1 Qh4 27.
Bg3 Qxd4 28. Bf2 Nh3+ 29. Kf1 Nxf2 30. Kxf2 Qh4+ 31. Kg2 Qg5+ 32. Kh1 d4 33.
Qxa7 Rd8 34. Qxd4 Bh5 35. Rce1 Kf8 36. Qe4 f5 37. Qxc6 Rd2 38. Re8+ Kf7 39.
Qe6# 1-0

[Event "GSF 75 aars jubilaeum Basis 2 2008"]
[Site "Bagsvaerd"]
[Date "2008.06.10"]
[Round "7"]
[White "Rasmussen, Johnny S"]
[Black "Hein, Jacob"]
[Result "0-1"]
[WhiteElo "1121"]
[BlackElo "1084"]
[PlyCount "40"]
[EventDate "2008.??.??"]

1. Nc3 Nf6 2. g3 d5 3. Bg2 c6 4. d4 Bf5 5. Nf3 Nbd7 6. Bg5 h6 7. Bxf6 exf6 8.
Nh4 Bh7 9. O-O g5 10. Nf3 Bd6 11. Re1 Qc7 12. Bh3 h5 13. Bxd7+ Qxd7 14. e3
O-O-O 15. Nd2 Rdf8 16. Qxh5 Be4 17. Qe2 Qh3 18. f3 Bxg3 19. Rf1 Bxh2+ 20. Kf2
Qg3# 0-1

[Event "GSF 75 aars jubilaeum Basis 2 2008"]
[Site "Bagsvaerd"]
[Date "2008.06.10"]
[Round "7"]
[White "Christiansen, Peter"]
[Black "Golmohammady, Reza"]
[Result "1-0"]
[WhiteElo "1450"]
[BlackElo "1405"]
[PlyCount "87"]
[EventDate "2008.??.??"]

1. e4 e5 2. f4 d6 3. Nf3 Be7 4. Bc4 exf4 5. d4 Bh4+ 6. Kf1 Bg4 7. Bxf4 Bf6 8.
c3 Ne7 9. Qb3 O-O 10. h3 Bxf3 11. gxf3 Ng6 12. Be3 b6 13. Nd2 Bg5 14. Re1 Bxe3
15. Rxe3 Qh4 16. Qd1 c6 17. Qe1 Qh5 18. Qg3 d5 19. Be2 Qh6 20. Kf2 Nf4 21. h4
f6 22. Nf1 Nd7 23. Nh2 Nxe2 24. Kxe2 dxe4 25. fxe4 Rae8 26. Nf3 Qh5 27. Kd2 c5
28. Rg1 Rf7 29. Qf4 cxd4 30. Nxd4 Ne5 31. Kc2 Ng6 32. Qh2 Qa5 33. Nf5 Qa4+ 34.
Kb1 Rxe4 35. h5 Rxe3 36. Nxe3 Qe4+ 37. Nc2 Ne5 38. h6 g6 39. Qh3 Rd7 40. Qe6+
Rf7 41. Qe8+ Rf8 42. Qe6+ Kh8 43. Qe7 Rf7 44. Qe8+ 1-0

[Event "GSF 75 aars jubilaeum Basis 2 2008"]
[Site "Bagsvaerd"]
[Date "2008.06.10"]
[Round "7"]
[White "Kozielski, Miroslaw"]
[Black "Kristensen, Kurt E"]
[Result "0-1"]
[WhiteElo "1500"]
[BlackElo "1212"]
[PlyCount "106"]
[EventDate "2008.??.??"]

1. d4 d5 2. c4 c6 3. Nc3 g6 4. Bf4 Bg7 5. e3 Bf5 6. h3 Nf6 7. Nf3 O-O 8. Be2
Re8 9. O-O Nbd7 10. Qb3 b6 11. cxd5 cxd5 12. Nxd5 Ne4 13. Nc3 e5 14. Nxe4 Bxe4
15. dxe5 Bxf3 16. Bxf3 Rc8 17. Bd5 Nxe5 18. Bxe5 Rxe5 19. Bxf7+ Kh8 20. Rfd1
Qf8 21. Rd7 Re7 22. Rad1 Rxd7 23. Rxd7 Rc1+ 24. Kh2 Rb1 25. Qd5 Bf6 26. Rxa7
Qb8+ 27. f4 Qxa7 28. Qe6 Qe7 29. Qc8+ Qd8 30. Qxd8+ Bxd8 31. b3 Re1 32. Kg3
Rxe3+ 33. Kf2 Rc3 34. a4 Bc7 35. g3 Kg7 36. Bc4 Kf6 37. Bg8 h6 38. Bc4 g5 39.
fxg5+ hxg5 40. g4 Rxh3 41. Bd5 Rd3 42. Bc4 Rd2+ 43. Ke3 Bf4+ 44. Ke4 Rg2 45.
Kf3 Rg3+ 46. Ke4 Rxg4 47. Kd5 Be3 48. Kc6 Rg1 49. b4 Rc1 50. Kb5 g4 51. Bd5 g3
52. a5 bxa5 53. bxa5 Rc5+ 0-1

[Event "GSF 75 aars jubilaeum Basis 2 2008"]
[Site "Bagsvaerd"]
[Date "2008.06.10"]
[Round "7"]
[White "Jacobsen, Jesper"]
[Black "Madsen, Alex"]
[Result "0-1"]
[WhiteElo "1125"]
[BlackElo "1151"]
[PlyCount "78"]
[EventDate "2008.??.??"]

1. d4 d5 2. Nf3 Bf5 3. e3 a6 4. Bd3 Bxd3 5. Qxd3 Nc6 6. a3 Nf6 7. Nbd2 e6 8.
Ne5 Bd6 9. Nxc6 bxc6 10. Nb3 O-O 11. f3 h6 12. O-O Qe7 13. Qc3 Nh5 14. f4 Qd7
15. Na5 Nf6 16. Qxc6 Qxc6 17. Nxc6 Ne4 18. a4 a5 19. b3 f6 20. Ba3 Ra6 21. Bxd6
cxd6 22. Nxa5 Rxa5 23. b4 Raa8 24. Ra3 Rfb8 25. Rb1 Nd2 26. Rd1 Nc4 27. Rb3
Rxa4 28. b5 Ra5 29. b6 Nxb6 30. Rdb1 Ra6 31. Kf2 Kf8 32. Kf3 Ke8 33. e4 dxe4+
34. Kxe4 Kd8 35. c4 f5+ 36. Kf3 Kc8 37. c5 Nd7 38. c6 Rxb3+ 39. Rxb3 Rxc6 0-1